000 00761nam a2200205Ia 4500
999 _c32452
_d32452
003 GCL
005 20240530102451.0
008 140319s9999 xx 000 0 ara d
040 _aGCL /
_cGCL
082 0 4 _a953.023
_bو ف
100 1 _aالواقدى, ابو عبدالله محمد بن عمر السهمى الاسلمى المدنى
245 1 0 _aفتوح الشام /
_cابو عبدالله محمد بن عمر السهمى الاسلمى المدنى الواقدى
260 _a[S.N] :
_bدار الجيل
300 _aمتعدد الترقيم
650 0 4 _aالفتوحات الاسلامية
650 0 4 _aالتاريخ الاسلامى
650 0 4 _aفتح الشام
650 0 4 _aالحضارة الاسلامية
942 _2ddc
_cBK